Tras los pasos de los dioses griegos
Guardado en:
| Autor principal: | |
|---|---|
| Formato: | Libro |
| Lenguaje: | español |
| Publicado: |
Madrid
Akal
2006
|
| Colección: | Interdisciplinar
|
| Materias: | |
| Etiquetas: |
Agregar Etiqueta
Sin Etiquetas, Sea el primero en etiquetar este registro!
|
MARC
| LEADER | 00000cam a2200000 a 4500 | ||
|---|---|---|---|
| 001 | UCI0955 | ||
| 003 | CL-VaPUC | ||
| 008 | 070608e20060000SP |||||||||||||||||spa|d | ||
| 020 | |a 9788446022480 | ||
| 082 | 0 | 4 | |a 938 |b LEV |2 21 |
| 100 | |a Lévêque, Pierre |e author |9 521193 | ||
| 245 | 1 | 0 | |a Tras los pasos de los dioses griegos |
| 300 | |a 349 p | ||
| 942 | |c BK | ||
| 945 | |d 20070608 00:00:00 |a jtorresc | ||
| 260 | |a Madrid |b Akal |c 2006 | ||
| 650 | 0 | |a Historia antigua |9 267521 | |
| 650 | 0 | |a Civilizaciones antiguas |9 265998 | |
| 650 | 0 | |a Ciudades |9 265474 | |
| 650 | 0 | |a Dioses |9 265645 | |
| 583 | |a last modification |c 20180417 03:52:29 |k Rodrigo Vera | ||
| 490 | 0 | |a Interdisciplinar | |
| 999 | |c 325906 |d 325904 | ||
| 952 | |0 0 |1 0 |4 0 |6 938_000000000000000_LEV_2006 |7 0 |8 A |9 407396 |a BIBHIS |b BIBHIS |d 2019-11-22 |i 4345975 |o 938 LEV 2006 |p 4345975 |r 2025-01-20 |w 2019-11-22 |y BK |k HIS | ||
| 952 | |0 0 |1 0 |4 0 |6 938_000000000000000_LEV_2006 |7 0 |8 A |9 407397 |a BIBHIS |b BIBHIS |d 2019-11-22 |i 4819179 |l 1 |o 938 LEV 2006 |p 4819179 |r 2025-01-20 |s 2022-10-11 |w 2019-11-22 |y BK |k HIS | ||